| 000 | 00683nam a22002057a 4500 | ||
|---|---|---|---|
| 003 | 0 | ||
| 005 | 20230909083304.0 | ||
| 008 | 230909b xxu||||| |||| 00| 0 eng d | ||
| 020 | _a978-0-323-82738-6 | ||
| 050 |
_aRG 951 _b.F68 2023 |
||
| 245 |
_aFoundations of maternal-newborn and women's health nursing _cSharon Murray [and 5 others] |
||
| 250 | _aEighth edition | ||
| 260 |
_aSt. Louis, Missouri _bElsevier _cc2023 |
||
| 300 |
_axxiv, 891 pages : _bcol. ill. ; _c27 cm. |
||
| 500 | _aMaternity nursing. | ||
| 504 | _aIncludes bibliographical references, appendices, and glossary. | ||
| 650 | _aMaternity nursing. | ||
| 650 | _aWomen--health & hygiene. | ||
| 942 |
_2lcc _cBK |
||
| 999 |
_c365273 _d365273 |
||